000 00473nam a22001817a 4500
003 CEME
005 20210628203256.0
008 210125b xxu||||| |||| 00| 0 eng d
020 _a81-89253-94-8
040 _c.
082 _a320.954 GOD
100 _aArora ,Ramesh.K, Khandelwal , R.M
_964447
245 _aGood governance, initiatives and impact
260 _aNEW DELHI
_bPARADISE
_c2008
300 _aX,351P
650 _aGOOD GOVERNANCE
_964448
942 _cBK
_2ddc
999 _c572931
_d572931